| 000 | 00543nam a22002057a 4500 | ||
|---|---|---|---|
| 003 | OSt | ||
| 005 | 20140310183129.0 | ||
| 008 | 130531t xxu||||| |||| 00| 0 eng d | ||
| 020 | _a9789712353543 | ||
| 050 |
_aSH 300 _b.C794 2009 |
||
| 082 |
_aFIL 551.46557 _bC794 2009 |
||
| 245 |
_aAquatic resources and ecology _cCordero, Paciente A. |
||
| 260 |
_aManila _bRex Book Store _cc2009 |
||
| 300 |
_axii, 363 p. _c23 cm. |
||
| 521 | _aCollege students | ||
| 526 | _c1210L-1700L | ||
| 541 | _j1 | ||
| 562 | _e1 | ||
| 942 |
_2lcc _cBK _kFIL |
||
| 999 |
_c19110 _d19110 |
||